Introduction to the thermodynamics of materials, 4th edition / (Record no. 29799)

000 -LEADER
fixed length control field 00631 a2200181 4500
020 ## - INTERNATIONAL STANDARD BOOK NUMBER
International Standard Book Number 1560329920
020 ## - INTERNATIONAL STANDARD BOOK NUMBER
International Standard Book Number 9781560329923
082 ## - DEWEY DECIMAL CLASSIFICATION NUMBER
Classification number 620.11296
090 ## - LOCALLY ASSIGNED LC-TYPE CALL NUMBER (OCLC); LOCAL CALL NUMBER (RLIN)
-- 1186
-- 1186
100 1# - MAIN ENTRY--PERSONAL NAME
Personal name Gaskell, David R.
245 10 - TITLE STATEMENT
Title Introduction to the thermodynamics of materials, 4th edition /
Statement of responsibility, etc. David R. Gaskell.
250 ## - EDITION STATEMENT
Edition statement 4th ed.
260 ## - PUBLICATION, DISTRIBUTION, ETC.
Place of publication, distribution, etc. [S.l.] :
Name of publisher, distributor, etc. Taylor & Francis,
Date of publication, distribution, etc. 2003.
300 ## - PHYSICAL DESCRIPTION
Extent 640 p. ;
Dimensions 24 cm.
700 ## - ADDED ENTRY--PERSONAL NAME
Personal name Gaskell, David R.
942 ## - ADDED ENTRY ELEMENTS (KOHA)
Institution code [OBSOLETE] SNS
Koha item type Book
Call number prefix 620.11296 GAS
Holdings
Withdrawn status Lost status Source of classification or shelving scheme Damaged status Not for loan Permanent Location Current Location Shelving location Date acquired Total Checkouts Full call number Barcode Date last seen Date last checked out Price effective from Koha item type
        Not For Loan School of Natural Sciences (SNS) School of Natural Sciences (SNS) Reference 05/26/2016 1 620.11296 GAS SNS0001451 07/31/2019 04/20/2017 05/26/2016 Book
© 2023 Central Library, National University of Sciences and Technology. All Rights Reserved.